La constitución de 1925
Salvato in:
| Autore principale: | |
|---|---|
| Natura: | Libro |
| Lingua: | spagnolo |
| Pubblicazione: |
Santiago
Balcells
1929
|
| Soggetti: | |
| Tags: |
Aggiungi Tag
Nessun Tag, puoi essere il primo ad aggiungerne!!
|
MARC
| LEADER | 00000nam a2200000 a 4500 | ||
|---|---|---|---|
| 001 | UCR4393 | ||
| 003 | CL-VaPUC | ||
| 008 | 980307e19290000CL |||||||||||||||||spa|d | ||
| 082 | 0 | 4 | |a 342.83 |b GUE |2 21 |
| 100 | |a Guerra, José Guillermo |e author |9 437317 | ||
| 245 | 1 | 3 | |a La constitución de 1925 |
| 300 | |a 569 p | ||
| 942 | |c BK | ||
| 945 | |d 19980307 00:00:00 |a aolguin | ||
| 260 | |a Santiago |b Balcells |c 1929 | ||
| 600 | 0 | |a Cámara de diputados |9 256490 | |
| 600 | 0 | 7 | |a CAMARA DE SENADORES |2 CL-VaPUC |9 382797 |
| 600 | 0 | 7 | |a CONSTITUCION POLITICA DE 1925 |2 CL-VaPUC |9 255168 |
| 650 | 0 | |a Derecho constitucional |9 222588 | |
| 650 | 7 | |a ESTADO E IGLESIA |2 CL-VaPUC |9 404427 | |
| 650 | 0 | |a Nacionalidad |9 357571 | |
| 650 | 0 | |a Ciudadanía |9 258339 | |
| 650 | 7 | |a GARANTIAS CONSTITUCIONALES |2 CL-VaPUC |9 404428 | |
| 651 | 7 | |a CHILE |2 CL-VaPUC |9 404429 | |
| 583 | |a last modification |c 19980307 00:00:00 |k Rodrigo Vera | ||
| 999 | |c 267336 |d 267334 | ||
| 952 | |0 0 |1 0 |4 0 |6 342_830000000000000_GUE_1929 |7 0 |8 X |9 299614 |a BIBDER |b BIBDER |d 2019-11-20 |i 1952188 |l 1 |o 342.83 GUE 1929 |p 1952188 |r 2023-01-25 |s 2022-04-28 |w 2019-11-20 |y BK_X |k DER | ||
| 952 | |0 0 |1 0 |4 0 |6 342_830000000000000_GUE_1929 |7 0 |8 DER_HDC |9 299615 |a BIBDER |b BIBDER |d 2019-11-20 |i 1956884 |o 342.83 GUE 1929 |p 1956884 |r 2023-01-25 |w 2019-11-20 |x Ubicación 4to Piso |y BK_X |z Estos recursos deben solicitarse con anticipación |k DER | ||
| 952 | |0 0 |1 0 |4 0 |6 342_830000000000000_GUE_1929 |7 0 |8 X |9 299616 |a BIBHIS |b BIBHIS |d 2019-11-20 |i 1254626 |o 342.83 GUE 1929 |p 1254626 |r 2024-01-30 |w 2019-11-20 |y BK_X |k HIS | ||